| 000 | 00989nam a2200253 a 4500 | ||
|---|---|---|---|
| 001 | 50284 | ||
| 003 | BD-RjUL | ||
| 005 | 20211209075503.0 | ||
| 008 | 160824s1968 ii b 001 0 eng d | ||
| 035 | _a(BD-RjUL) 50404 | ||
| 040 |
_aDLC _cDLC _dEQO _dBD-RjUL _beng |
||
| 041 | _aeng | ||
| 082 |
_a378.1910954 _223 _bTUR 1968 |
||
| 245 | 0 | 0 |
_aTurmoil and transition : _bhigher education and student politics in India / _cEdited by Philip G. Altbach |
| 260 |
_aBombay : _bLalvani Pub. House, _cc1968 |
||
| 300 |
_aix, 278 p. ; _c23 cm |
||
| 500 | _aContinuing study conducted by the Comparative Student Project, sponsored by the Center for International Affairs at Harvard University | ||
| 504 | _aBibliography: p. 269-271 and index. | ||
| 650 | 0 |
_aStudent movements _zIndia _9144807 |
|
| 650 | 0 |
_aCollege students _xPolitical activity _zIndia _9150704 |
|
| 700 |
_aAltbach, Philip G. _9150580 |
||
| 710 | 2 |
_aHarvard University. _bCenter for International Affairs. _9128960 |
|
| 942 |
_2ddc _cBK |
||
| 999 |
_c50284 _d50284 |
||